000 00832nam a2200265 i 4500
003 DO-SdBNP
005 20240701110248.0
007 ta
008 240701b2023 dr ||||| |||| 00| 0 spa d
020 _a9789945223347
040 _aDO-SdBNP
_bspa
_cBNPHU
_erda
082 4 _222
100 1 _aVargas Pimentel, César Antonio,
_eautor
_985899
240 1 0 _aLeyes, etc.
245 1 0 _aCompendio ley residuos sólidos y sus reglmentos /
_cCésar Antonio Vargas Pimentel
264 _aSanto Domingo :
_bIDARD,
_c2023.
300 _avolumenes ;
_c23 cm.
336 _2rdacontent
_atexto
_btxt
337 _2rdamedia
_asin mediación
_bn
338 _2rdacarrier
_avolumen
_bnc
500 _aIncluye datos biográficos del autor en la solapa de la cubierta
590 _aInventariado, 2024/BT
910 _aBtavárez
942 _2ddc
_cLBS1
999 _c57084
_d57084